| 000 | 01652cam a22003858i 4500 | ||
|---|---|---|---|
| 001 | 21761328 | ||
| 005 | 20260512150137.0 | ||
| 006 | m |o d | | ||
| 007 | cr ||||||||||| | ||
| 008 | 201014s2020 cau o 001 0 eng | ||
| 010 | _a 2020045558 | ||
| 020 |
_a9781613084304 _q(ebook) |
||
| 020 |
_z9781599186733 _q(paperback) |
||
| 035 | _a21761328 | ||
| 040 |
_aDLC _beng _cDLC _erda |
||
| 041 | _aEnglish | ||
| 042 | _apcc | ||
| 050 | 0 | 0 | _aHF6146.I58 |
| 100 |
_aMarshall, Perry S., _eauthor. _925898 |
||
| 240 | 1 | 0 | _aEntrepreneur magazine's ultimate guide to Google AdWords |
| 245 | 1 | 0 |
_aEntrepreneur magazine's ultimate guide to Google Ads _c/ Perry Marshall, Bryan Todd, Mike Rhodes. |
| 246 | 3 | 0 | _aUltimate guide to Google Ads |
| 250 | _aSixth edition. | ||
| 264 | 1 |
_aIrvine, CA : _bEntrepreneur Press, _c[2020] |
|
| 500 | _aIncludes index. | ||
| 520 |
_a"The sixth edition introduces revised, expanded, and new chapters covering Enhanced Campaigns, Google Ads Express, Google's Product Listing Ads, and more. Changes in Big Data advertising are also revealed and expanded sections and necessary updates have been added throughout. Topics include: bidding strategies using remarketing lists for search ads, new ad extension features, and automation capabilities using scripts"-- _cProvided by publisher. |
||
| 630 | 0 |
_aB3 DM Paid & Social Advertising (BiM) _926974 |
|
| 650 | 0 |
_aInternet advertising _98759 |
|
| 650 | 0 |
_aWeb search engines _97488 |
|
| 653 | _aGoogle | ||
| 700 |
_aTodd, Bryan _eauthor. _97591 |
||
| 700 |
_aRhodes, Mike _d1970- _eauthor. |
||
| 730 | 0 | _aEntrepreneur (Santa Monica, Calif.) | |
| 942 | _2lcc | ||
| 999 |
_c4952 _d4952 |
||